[Event "chess.com SpeedChess Q2Sw"]
[Site "chess.com INT"]
[Date "2022.11.12"]
[Round "10"]
[White "Prohorov, Olexandr"]
[Black "Grot, Blazej"]
[Result "0-1"]
[BlackTitle "CM"]
[WhiteElo "2086"]
[BlackElo "1839"]
[WhiteFideId "14105578"]
[BlackFideId "21835845"]
[EventDate "2022.11.12"]

1. e4 c5 2. c3 e6 3. Nf3 Nf6 4. e5 Nd5 5. Bc4 Nc7 6. d4 cxd4 7. cxd4 d5 8. Bd3
Nc6 9. a3 b6 10. O-O Bb7 11. Qe2 Be7 12. Nc3 h6 13. b4 O-O 14. b5 Na5 15. Ra2
Rc8 16. Bf4 Ne8 17. Qd2 Nc4 18. Bxc4 Rxc4 19. Rc1 Qc7 20. Rac2 Bxa3 21. Rb1 Bb4
22. Rxb4 Rxb4 23. Nxd5 Rb1+ 24. Ne1 Qxc2 0-1

[Event "chess.com SpeedChess Q2Sw"]
[Site "chess.com INT"]
[Date "2022.11.12"]
[Round "10"]
[White "Pranav, V"]
[Black "Eljanov, Pavel"]
[Result "0-1"]
[WhiteTitle "IM"]
[BlackTitle "GM"]
[WhiteElo "2548"]
[BlackElo "2706"]
[WhiteFideId "25060783"]
[BlackFideId "14102951"]
[EventDate "2022.11.12"]

1. e4 e5 2. Nf3 Nc6 3. Bc4 Bc5 4. c3 Nf6 5. d3 d6 6. O-O O-O 7. Nbd2 a5 8. Re1
h6 9. h3 Bb6 10. Nf1 Ne7 11. Ng3 Ng6 12. d4 Re8 13. a4 exd4 14. cxd4 d5 15. exd5
Rxe1+ 16. Qxe1 Nxd5 17. Bxd5 Qxd5 18. Qe8+ Nf8 19. Bf4 Qd7 20. Qe4 Ng6 21. Re1
Qxa4 22. Bc1 Bd7 23. Nf5 Re8 24. Qd3 Rxe1+ 25. Nxe1 Bxf5 26. Qxf5 Qd1 27. Bd2
Qxd2 28. Nd3 Qg5 29. Qd7 Qf6 30. d5 Kh7 31. Qe8 Qf5 0-1

[Event "chess.com SpeedChess Q2Sw"]
[Site "chess.com INT"]
[Date "2022.11.12"]
[Round "10"]
[White "Bok, Benjamin"]
[Black "Vidit, Santosh Gujrathi"]
[Result "1-0"]
[WhiteTitle "GM"]
[BlackTitle "GM"]
[WhiteElo "2618"]
[BlackElo "2724"]
[WhiteFideId "1017063"]
[BlackFideId "5029465"]
[EventDate "2022.11.12"]

1. d4 d5 2. c4 e6 3. Nc3 Nf6 4. cxd5 exd5 5. Bg5 Be7 6. e3 O-O 7. Bd3 Re8 8. h3
h6 9. Bf4 c5 10. Nf3 Nc6 11. O-O c4 12. Bc2 a6 13. Ne5 Bd6 14. Nxc6 bxc6 15.
Bxd6 Qxd6 16. b3 cxb3 17. axb3 a5 18. Na4 Ba6 19. Re1 Bb5 20. Nc5 Ne4 21. Bxe4
dxe4 22. Qd2 Qc7 23. Ra3 Rad8 24. Rxa5 Rd6 25. Rea1 Rg6 26. Ra8 Qe7 27. R1a7 Qf8
28. Nd7 Rxa8 29. Nxf8 Rxf8 30. Qa2 Be2 31. Qxe2 1-0

[Event "chess.com SpeedChess Q2Sw"]
[Site "chess.com INT"]
[Date "2022.11.12"]
[Round "10"]
[White "Walentukiewicz, Michal"]
[Black "Bilan, Danila"]
[Result "1-0"]
[WhiteTitle "CM"]
[BlackTitle "FM"]
[WhiteElo "2088"]
[BlackElo "2303"]
[WhiteFideId "1126903"]
[BlackFideId "24161918"]
[EventDate "2022.11.12"]

1. g3 d5 2. Bg2 Nf6 3. c4 c6 4. cxd5 cxd5 5. Nf3 Nc6 6. O-O Bf5 7. d3 e6 8. Nc3
Bc5 9. Qa4 O-O 10. e4 Bg6 11. Nh4 d4 12. Nxg6 hxg6 13. Ne2 e5 14. a3 Rc8 15. Bh3
Rc7 16. b4 Be7 17. Bb2 a6 18. Rac1 g5 19. f3 g4 20. Bxg4 Nxg4 21. fxg4 Bg5 22.
Rc2 Be3+ 23. Kg2 Qg5 24. h3 Rfc8 25. Qb3 b5 26. Bc1 Nd8 27. Bxe3 Qxe3 28. Rfc1
Rxc2 29. Rxc2 Rxc2 30. Qxc2 Ne6 31. h4 g6 32. g5 Kg7 33. Nc1 f6 34. gxf6+ Kxf6
35. Qf2+ Qxf2+ 36. Kxf2 Nf8 37. Nb3 Nd7 38. Nc5 Nxc5 39. bxc5 Ke6 40. g4 a5 41.
Ke2 Kd7 42. h5 gxh5 43. gxh5 Kc6 44. h6 Kxc5 45. h7 b4 46. axb4+ Kxb4 47. h8=Q
Kc3 1-0

[Event "chess.com SpeedChess Q2Sw"]
[Site "chess.com INT"]
[Date "2022.11.12"]
[Round "10"]
[White "Odegov, Artem"]
[Black "Fernandez Guillen, Ernesto J."]
[Result "0-1"]
[WhiteTitle "FM"]
[BlackTitle "IM"]
[WhiteElo "2286"]
[BlackElo "2462"]
[WhiteFideId "34183644"]
[BlackFideId "3512428"]
[EventDate "2022.11.12"]

1. d4 Nf6 2. c4 g6 3. Nc3 d5 4. cxd5 Nxd5 5. e4 Nxc3 6. bxc3 Bg7 7. Bc4 O-O 8.
Ne2 c5 9. O-O Nc6 10. Be3 a6 11. dxc5 Qa5 12. Qb3 Ne5 13. Bd5 e6 14. Bxb7 Rb8
15. c6 Nxc6 16. Bb6 Qb5 17. Bxc6 Qxc6 18. Rab1 Qxe4 19. Nd4 e5 20. Nf3 Bf5 21.
Rb2 Qc6 22. Qb4 Rfc8 23. Qa5 Qxc3 24. Qxc3 Rxc3 25. Bd4 Rxb2 26. Bxc3 Rxa2 27.
Bxe5 Bxe5 28. Nxe5 a5 29. Rc1 a4 30. h3 a3 31. Rc3 Ra1+ 32. Kh2 a2 33. Ra3 Be6
34. Nc6 Rc1 35. Ra8+ Kg7 36. Nd4 a1=Q 37. Nxe6+ 0-1

[Event "chess.com SpeedChess Q2Sw"]
[Site "chess.com INT"]
[Date "2022.11.12"]
[Round "10"]
[White "Krishnakumar, Sriram"]
[Black "Fernandez Siles, Luis"]
[Result "0-1"]
[WhiteTitle "FM"]
[BlackTitle "FM"]
[WhiteElo "2248"]
[BlackElo "2220"]
[WhiteFideId "30915856"]
[BlackFideId "2209420"]
[EventDate "2022.11.12"]

1. e4 c5 2. Nf3 Nc6 3. Bb5 g6 4. c3 Nf6 5. e5 Nd5 6. O-O Bg7 7. d4 cxd4 8. cxd4
O-O 9. Nc3 Nc7 10. Bd3 d6 11. Re1 dxe5 12. dxe5 Bg4 13. Bf4 Ne6 14. Bg3 Ncd4 15.
Be4 Ng5 16. Bxb7 Ndxf3+ 17. Bxf3 Bxf3 18. gxf3 Qxd1 19. Rexd1 Nxf3+ 20. Kg2 Nxe5
21. Bxe5 Bxe5 22. Rd7 Bxc3 23. bxc3 Rfc8 24. Rxe7 Rxc3 25. Rb1 Ra3 26. Rbb7 Rf8
27. Rxa7 Rxa7 28. Rxa7 Rb8 29. a4 h5 30. a5 Rb4 31. a6 Kg7 32. Rb7 Ra4 33. a7 h4
34. Kh3 g5 35. Rb5 f6 36. Rb7+ Kg6 37. f4 Ra3+ 38. Kg2 g4 39. Rb5 Rxa7 40. h3
Ra2+ 41. Kg1 g3 42. f5+ Kg5 43. Rb4 Rf2 44. Rg4+ Kh5 45. Rg8 Rxf5 46. Rg4 Rf2
47. Rg8 f5 48. Rf8 Kg5 49. Rg8+ Kf4 50. Rh8 Kf3 51. Rxh4 Ra2 0-1

[Event "chess.com SpeedChess Q2Sw"]
[Site "chess.com INT"]
[Date "2022.11.12"]
[Round "10"]
[White "Baches Garcia, Guillermo"]
[Black "Veiga, Jose Francisco R P Neves"]
[Result "0-1"]
[WhiteTitle "IM"]
[BlackTitle "IM"]
[WhiteElo "2326"]
[BlackElo "2393"]
[WhiteFideId "2209764"]
[BlackFideId "1930087"]
[EventDate "2022.11.12"]

1. e4 Nc6 2. Nf3 d6 3. h3 g6 4. d4 Bg7 5. c3 Nf6 6. Bd3 O-O 7. O-O e5 8. Re1 Re8
9. Nbd2 d5 10. Nxe5 Nxe5 11. dxe5 Rxe5 12. Nf3 Re8 13. exd5 Rxe1+ 14. Nxe1 Qxd5
15. Be3 Be6 16. Qf3 Re8 17. Bd4 Qxf3 18. Nxf3 b6 19. a4 c5 20. Be5 Bd5 21. Bg3
Ne4 22. Bf4 c4 23. Bc2 Nc5 24. Be3 Bf8 25. Nd4 f5 26. Nb5 Re7 27. Rd1 Bc6 28.
Bxc5 bxc5 29. Nd6 Re2 30. Bb1 Bxa4 0-1

[Event "chess.com SpeedChess Q2Sw"]
[Site "chess.com INT"]
[Date "2022.11.12"]
[Round "10"]
[White "Fedoseev, Vladimir3"]
[Black "Vogel, Roven"]
[Result "1-0"]
[WhiteTitle "GM"]
[BlackTitle "IM"]
[WhiteElo "2688"]
[BlackElo "2461"]
[WhiteFideId "24130737"]
[BlackFideId "12908088"]
[EventDate "2022.11.12"]

1. e4 e5 2. Nf3 Nc6 3. Bb5 a6 4. Ba4 Nf6 5. d3 b5 6. Bb3 Bc5 7. a4 Rb8 8. axb5
axb5 9. Bg5 h6 10. Bh4 Be7 11. Nc3 O-O 12. Bxf6 Bxf6 13. Nd5 d6 14. h3 g6 15.
Qd2 Bg7 16. g4 Kh8 17. g5 h5 18. Nf6 Be6 19. Bxe6 fxe6 20. Rg1 Ra8 21. Rxa8 Qxa8
22. Nh4 Ne7 23. Ke2 Rf7 24. f4 exf4 25. Qxf4 Qa7 26. Rg2 Qc5 27. c3 b4 28. Qf3
Bf8 29. Nxg6+ Kg7 30. Nf4 bxc3 31. Nxe6+ 1-0

[Event "chess.com SpeedChess Q2Sw"]
[Site "chess.com INT"]
[Date "2022.11.12"]
[Round "10"]
[White "Matinian, Nikita"]
[Black "Ristic, Nebojsa M"]
[Result "0-1"]
[WhiteTitle "GM"]
[BlackTitle "IM"]
[WhiteElo "2425"]
[BlackElo "2335"]
[WhiteFideId "24129100"]
[BlackFideId "900850"]
[EventDate "2022.11.12"]

1. e4 Nc6 2. Nf3 d6 3. d4 Nf6 4. d5 Nb8 5. Nc3 c6 6. Bf4 g6 7. Qd2 Bg7 8. O-O-O
O-O 9. Bh6 Nbd7 10. h4 Qa5 11. Kb1 Nc5 12. Bd3 Bg4 13. h5 Bxh5 14. Bxg7 Kxg7 15.
g4 Nxg4 16. Rxh5 gxh5 17. Qg5+ Kh8 18. Qxh5 Nf6 19. Qh4 Nxd3 20. Rxd3 Rg8 21.
Ng5 Rxg5 22. Qxg5 Rg8 23. Qc1 c5 24. a3 b5 25. Qe1 Qb6 26. e5 dxe5 27. Qxe5 c4
28. Rf3 b4 29. Na4 Qb7 30. Rxf6 Rg1+ 31. Ka2 b3+ 0-1

[Event "chess.com SpeedChess Q2Sw"]
[Site "chess.com INT"]
[Date "2022.11.12"]
[Round "10"]
[White "Bouget, Alexandre"]
[Black "Tokhirjonova, Gulrukhbegim"]
[Result "0-1"]
[WhiteTitle "FM"]
[BlackTitle "WGM"]
[WhiteElo "2268"]
[BlackElo "2328"]
[WhiteFideId "681318"]
[BlackFideId "14203626"]
[EventDate "2022.11.12"]

1. d4 Nf6 2. c4 e6 3. Nc3 Bb4 4. a3 Bxc3+ 5. bxc3 c5 6. f3 d5 7. cxd5 exd5 8. e3
Nc6 9. Bd3 b6 10. Ne2 O-O 11. O-O Re8 12. Ng3 Be6 13. Ra2 cxd4 14. cxd4 Rc8 15.
Re2 Na5 16. e4 dxe4 17. fxe4 Qxd4+ 18. Be3 Qe5 19. Bf4 Qc5+ 20. Be3 Qxa3 21.
Rxf6 gxf6 22. Nh5 Qc3 23. Rf2 Red8 24. Nxf6+ Kg7 25. Bh6+ Kxh6 26. Qh5+ Kg7 27.
Qxh7+ Kf8 28. Qh8+ Ke7 29. Qh4 Kd6 30. Qf4+ Qe5 31. Qd2 Ke7 32. Qb4+ Rc5 33. Bf1
Rd4 34. Qb1 Nb3 35. Ng8+ Kd8 36. Qe1 Rc1 37. Qe3 Rdd1 0-1

[Event "chess.com SpeedChess Q2Sw"]
[Site "chess.com INT"]
[Date "2022.11.12"]
[Round "10"]
[White "Melian, Juan Sebastian"]
[Black "Costello, Alexander"]
[Result "1-0"]
[WhiteTitle "CM"]
[BlackTitle "IM"]
[WhiteElo "2150"]
[BlackElo "2224"]
[WhiteFideId "3706575"]
[BlackFideId "2099659"]
[EventDate "2022.11.12"]

1. d4 Nf6 2. c4 e6 3. Nc3 Bb4 4. Qc2 O-O 5. Nf3 c5 6. a3 cxd4 7. axb4 dxc3 8.
bxc3 b6 9. Bg5 h6 10. Bh4 d6 11. e3 Nbd7 12. Rd1 Qc7 13. Bd3 Bb7 14. O-O Bxf3
15. gxf3 Ne5 16. Qe2 Rac8 17. Bxf6 gxf6 18. Kh1 Nxd3 19. Qxd3 Qxc4 20. Qxd6 Qxc3
21. Rd4 f5 22. Qe5 Kh7 23. Qf6 Qc7 24. Rh4 1-0

[Event "chess.com SpeedChess Q2Sw"]
[Site "chess.com INT"]
[Date "2022.11.12"]
[Round "10"]
[White "Grischuk, Alexander"]
[Black "Indjic, Aleksandar"]
[Result "1-0"]
[WhiteTitle "GM"]
[BlackTitle "GM"]
[WhiteElo "2745"]
[BlackElo "2631"]
[WhiteFideId "4126025"]
[BlackFideId "911925"]
[EventDate "2022.11.12"]

1. Nf3 Nf6 2. g3 c5 3. Bg2 Nc6 4. O-O e5 5. e4 Be7 6. Nc3 d6 7. d3 O-O 8. Nd2
Nd4 9. Nc4 Bg4 10. f3 Be6 11. Ne3 b5 12. f4 b4 13. Ncd5 Bxd5 14. exd5 exf4 15.
Rxf4 g6 16. c3 bxc3 17. bxc3 Nb5 18. Bd2 Nh5 19. Rf2 Nf6 20. Qc2 Rb8 21. Raf1
Nc7 22. c4 Nd7 23. Bc3 Ne5 24. Bxe5 dxe5 25. Ng4 Bd6 26. Nh6+ Kg7 27. Nxf7 Qe7
28. Qe2 Ne8 29. Qe3 Nc7 30. Qh6+ Kg8 31. Be4 1-0

[Event "chess.com SpeedChess Q2Sw"]
[Site "chess.com INT"]
[Date "2022.11.12"]
[Round "10"]
[White "Al-Tarboush, Ward"]
[Black "Kravtsiv, Martyn"]
[Result "0-1"]
[WhiteTitle "FM"]
[BlackTitle "GM"]
[WhiteElo "2238"]
[BlackElo "2598"]
[WhiteFideId "7601450"]
[BlackFideId "14113147"]
[EventDate "2022.11.12"]

1. e4 e5 2. Nf3 Nc6 3. Bb5 a6 4. Ba4 Nf6 5. O-O Be7 6. Re1 b5 7. Bb3 O-O 8. h3
Bb7 9. d3 d5 10. Nbd2 dxe4 11. dxe4 Bc5 12. c3 Qd3 13. Qe2 Qxe2 14. Rxe2 Rad8
15. Nf1 h6 16. Ng3 Rfe8 17. Be3 Bf8 18. Rae1 Na5 19. Bc2 g6 20. b3 c5 21. Bc1
Nc6 22. Nf1 a5 23. Ne3 b4 24. cxb4 axb4 25. Nc4 Ba6 26. Bb2 Bxc4 27. bxc4 Ra8
28. Bb3 Nd7 29. Rd2 Nd4 30. Nxd4 cxd4 31. g3 Nc5 32. Kg2 h5 33. f3 Bh6 34. f4 h4
35. Rdd1 Nxb3 36. axb3 Ra2 37. Re2 exf4 38. gxf4 Bxf4 39. Rxd4 Bc1 40. Bxc1
Rxe2+ 41. Kf3 Rh2 42. Kg4 Rxe4+ 43. Rxe4 f5+ 44. Kxh4 fxe4 45. Kg3 Rc2 46. Bf4
Rc3+ 47. Kg4 Rxb3 0-1

[Event "chess.com SpeedChess Q2Sw"]
[Site "chess.com INT"]
[Date "2022.11.12"]
[Round "10"]
[White "Lakshmi, C"]
[Black "Grycel, Kamil"]
[Result "0-1"]
[WhiteTitle "WFM"]
[BlackTitle "FM"]
[WhiteElo "1956"]
[BlackElo "2315"]
[WhiteFideId "25035347"]
[BlackFideId "1115499"]
[EventDate "2022.11.12"]

1. d4 f5 2. c4 Nf6 3. Nc3 e6 4. Nf3 d5 5. e3 c6 6. Bd3 Bd6 7. Ne5 O-O 8. f4 Ne4
9. O-O Bd7 10. Qf3 Be8 11. Qh3 Nd7 12. Ne2 Ndf6 13. Ng3 Nxg3 14. hxg3 Bh5 15.
Qh4 Bg4 16. Bd2 Be7 17. Qh2 Qe8 18. Kf2 h5 19. Ke1 g6 20. Rh1 Kg7 21. a3 a5 22.
Rc1 Rh8 23. b4 axb4 24. Bxb4 Bd8 25. Qg1 Ne4 26. Qh2 h4 27. gxh4 Bxh4+ 28. Kf1
Ng3+ 29. Kg1 Nxh1 30. Qxh1 0-1

[Event "chess.com SpeedChess Q2Sw"]
[Site "chess.com INT"]
[Date "2022.11.12"]
[Round "10"]
[White "Kirillov, Dmitry"]
[Black "Singh, Arvinder Preet"]
[Result "1-0"]
[WhiteTitle "FM"]
[BlackTitle "FM"]
[WhiteElo "2195"]
[BlackElo "2148"]
[WhiteFideId "34180572"]
[BlackFideId "5013240"]
[EventDate "2022.11.12"]

1. e4 c5 2. Nc3 Nc6 3. f4 g6 4. Nf3 Bg7 5. Bc4 e6 6. e5 Nge7 7. Ne4 d5 8. Nd6+
Kf8 9. Bb5 a6 10. Be2 f6 11. O-O Kg8 12. c3 fxe5 13. fxe5 Nxe5 14. Nxe5 Qxd6 15.
Nf7 Qc7 16. d4 Nf5 17. Nxh8 Kxh8 18. g4 cxd4 19. gxf5 dxc3 20. bxc3 Bxc3 21. Bf4
Qc5+ 22. Kh1 gxf5 23. Rc1 d4 24. Rxc3 Qxc3 25. Be5+ Kg8 26. Rg1+ Kf8 27. Rg8+
Ke7 28. Rg7+ Kd8 29. Bf6+ Ke8 30. Bb5+ Kf8 31. Bxd4 axb5 32. Bxc3 Bd7 33. Qxd7 1-0

[Event "chess.com SpeedChess Q2Sw"]
[Site "chess.com INT"]
[Date "2022.11.12"]
[Round "10"]
[White "Jobava, Baadur"]
[Black "Goltsev, Dmitry"]
[Result "0-1"]
[WhiteTitle "GM"]
[BlackTitle "FM"]
[WhiteElo "2578"]
[BlackElo "2232"]
[WhiteFideId "13601520"]
[BlackFideId "24176710"]
[EventDate "2022.11.12"]

1. e4 e6 2. d4 d5 3. exd5 exd5 4. Nf3 Nf6 5. Bd3 Bd6 6. O-O O-O 7. h3 c5 8. dxc5
Bxc5 9. Nc3 Nc6 10. Re1 a6 11. Bf4 h6 12. Qd2 Re8 13. Rxe8+ Nxe8 14. Re1 Be6 15.
Ne2 Qb6 16. Ng3 Qxb2 17. Qd1 Qxa2 18. Nh5 Qb2 19. Ne5 Bd4 20. Nxc6 bxc6 21. Rxe6
fxe6 22. Qg4 Qa1+ 23. Kh2 Bxf2 24. h4 Qg1+ 25. Kh3 Qh1+ 26. Bh2 Bg1 27. Qxe6+
Kh8 28. Nf4 Qxh2+ 29. Kg4 Nf6+ 30. Kf3 Ne4 31. Ng6+ Kh7 32. Bxe4 dxe4+ 33. Qxe4
Qd6 34. Nf4+ Kg8 35. Qc4+ Kh8 36. Qf7 Rf8 37. Ng6+ Qxg6 38. Qxf8+ Kh7 0-1

[Event "chess.com SpeedChess Q2Sw"]
[Site "chess.com INT"]
[Date "2022.11.12"]
[Round "10"]
[White "Tan, Zhongyi"]
[Black "Gokerkan, Cem Kaan"]
[Result "1-0"]
[WhiteTitle "GM"]
[BlackTitle "IM"]
[WhiteElo "2514"]
[BlackElo "2470"]
[WhiteFideId "8603642"]
[BlackFideId "6336760"]
[EventDate "2022.11.12"]

1. d4 g6 2. c4 Bg7 3. e4 d6 4. Be3 Nf6 5. Nc3 O-O 6. h3 c5 7. Nf3 cxd4 8. Nxd4
Nc6 9. Be2 Bd7 10. O-O Nxd4 11. Bxd4 Bc6 12. Qd3 a5 13. f4 a4 14. Rad1 Qa5 15.
Kh2 e5 16. Be3 exf4 17. Bxf4 Rfe8 18. Bf3 a3 19. b3 Nd7 20. Nd5 Ne5 21. Qd2 Bxd5
22. Qxd5 Qxd5 23. Rxd5 Ra6 24. Rfd1 Bf8 25. Be2 Rb6 26. c5 Rb4 27. cxd6 Nc6 28.
Bf3 f5 29. d7 Rd8 30. Bc7 fxe4 31. Bxd8 Nxd8 32. Be2 Be7 33. Bc4 Kg7 34. Re5 Bf6
35. Rxe4 Rb6 36. Re8 Rc6 37. Rf1 Bg5 38. Rff8 Rd6 39. Rxd8 1-0

[Event "chess.com SpeedChess Q2Sw"]
[Site "chess.com INT"]
[Date "2022.11.12"]
[Round "10"]
[White "Molenda, Marcin"]
[Black "Shipov, Sergei"]
[Result "0-1"]
[WhiteTitle "FM"]
[BlackTitle "GM"]
[WhiteElo "2381"]
[BlackElo "2541"]
[WhiteFideId "1173065"]
[BlackFideId "4113624"]
[EventDate "2022.11.12"]

1. e4 e6 2. b3 d5 3. Bb2 dxe4 4. Nc3 e5 5. Nxe4 Nc6 6. Bb5 Ne7 7. Nf3 a6 8. Bc4
b5 9. Bxf7+ Kxf7 10. Nfg5+ Kg8 11. Qh5 Qd5 12. Nc3 g6 13. Nxd5 gxh5 14. Nxc7 Ra7
15. Ne8 Ng6 16. f4 Nxf4 17. O-O Bc5+ 18. Kh1 h6 19. Ne4 Bd4 20. c3 Bb6 21. g3
Nd3 22. N4f6+ Kf7 23. Nd6+ Ke6 24. Nfe4 Nxb2 25. Rf6+ Kd7 26. Raf1 Ne7 27. Rf7
Bb7 28. Rxe7+ Kxe7 29. Rf7+ Ke6 0-1

[Event "chess.com SpeedChess Q2Sw"]
[Site "chess.com INT"]
[Date "2022.11.12"]
[Round "10"]
[White "Shimanov, Aleksandr"]
[Black "Quispe Arteaga, Gabriel"]
[Result "1-0"]
[WhiteTitle "GM"]
[BlackTitle "FM"]
[WhiteElo "2581"]
[BlackElo "2374"]
[WhiteFideId "4198603"]
[BlackFideId "32059809"]
[EventDate "2022.11.12"]

1. e4 c5 2. Nf3 e6 3. c4 Nc6 4. Nc3 Nf6 5. Be2 d5 6. exd5 exd5 7. d4 Be6 8. dxc5
dxc4 9. O-O Qxd1 10. Rxd1 Bxc5 11. Ng5 Bg4 12. Re1 Bxe2 13. Rxe2+ Kf8 14. Bf4
Rd8 15. Rc1 h6 16. Nge4 Nxe4 17. Nxe4 Be7 18. Be3 f5 19. Nd2 b5 20. b3 Ba3 21.
Rc2 Nd4 22. Bxd4 Rxd4 23. bxc4 b4 24. g3 Kf7 25. Nb3 Rd3 26. Re5 g6 27. Ra5 Ra8
28. Ra6 h5 29. Re2 Rc3 30. Ree6 Rxc4 31. Rf6+ Ke7 32. Rxg6 Rc2 33. Rg7+ Kf8 34.
Rh7 Kg8 35. Rah6 Rac8 36. Nd4 Rc1+ 37. Kg2 Bb2 38. Nxf5 Ra1 39. Ne7+ 1-0

[Event "chess.com SpeedChess Q2Sw"]
[Site "chess.com INT"]
[Date "2022.11.12"]
[Round "10"]
[White "Sellitti, Federico"]
[Black "Djordjevic, Vuk"]
[Result "0-1"]
[BlackTitle "IM"]
[WhiteElo "2176"]
[BlackElo "2394"]
[WhiteFideId "821829"]
[BlackFideId "902098"]
[EventDate "2022.11.12"]

1. e4 d5 2. exd5 Qxd5 3. Nc3 Qd6 4. g3 Nf6 5. Bg2 c6 6. Nge2 Bg4 7. O-O e6 8. d3
Qc7 9. Bf4 Bd6 10. Bxd6 Qxd6 11. h3 Bh5 12. Qd2 Nbd7 13. Nf4 Bg6 14. a4 O-O 15.
Nxg6 hxg6 16. a5 a6 17. Na4 Rad8 18. Qc3 Rfe8 19. Qb3 Rb8 20. Rfe1 Red8 21. Rad1
Qd4 22. c3 Nc5 23. Nxc5 Qxc5 24. Qa3 Qxa3 25. bxa3 Rbc8 26. Bf1 Nd5 27. c4 Ne7
28. Rb1 Rc7 29. Rb3 Nf5 30. Reb1 Rdd7 31. Bg2 Nd4 32. R3b2 e5 33. Kf1 Kf8 34. h4
Ke7 35. Bh3 f5 36. g4 Kf6 37. h5 Ne6 38. hxg6 Nf4 39. Bg2 Nxd3 40. Rb6 fxg4 41.
Be4 Nc5 42. Bg2 Rd4 0-1

[Event "chess.com SpeedChess Q2Sw"]
[Site "chess.com INT"]
[Date "2022.11.12"]
[Round "10"]
[White "Vokhidov, Shamsiddin"]
[Black "Harshavardhan, G B"]
[Result "1-0"]
[WhiteTitle "GM"]
[BlackTitle "IM"]
[WhiteElo "2568"]
[BlackElo "2426"]
[WhiteFideId "14204223"]
[BlackFideId "25059009"]
[EventDate "2022.11.12"]

1. a3 e5 2. c4 Nf6 3. d3 g6 4. g3 Bg7 5. Bg2 O-O 6. Nc3 Nc6 7. e4 d6 8. Nge2 Nh5
9. O-O f5 10. exf5 Bxf5 11. h3 Be6 12. Be3 Qd7 13. Kh2 Rf7 14. Qd2 Raf8 15. Rae1
a6 16. Ng1 b6 17. Nd5 Kh8 18. b4 b5 19. Ne2 Nd4 20. Nxd4 exd4 21. Bg5 Re8 22.
Re2 c6 23. Nb6 Qc7 24. Rfe1 Be5 25. c5 Rxf2 26. Rxf2 Bxg3+ 27. Kh1 dxc5 28. bxc5
Kg8 29. Qb2 Bf7 30. Rxe8+ Bxe8 31. Qxd4 Bxf2 32. Qxf2 Qe5 33. Be3 Qa1+ 34. Kh2
Qxa3 35. Bh6 Ng7 36. Qf6 1-0

[Event "chess.com SpeedChess Q2Sw"]
[Site "chess.com INT"]
[Date "2022.11.12"]
[Round "10"]
[White "Taboas Rodriguez, Daniel"]
[Black "Srihari, L R"]
[Result "0-1"]
[WhiteTitle "FM"]
[BlackTitle "IM"]
[WhiteElo "2359"]
[BlackElo "2436"]
[WhiteFideId "2208466"]
[BlackFideId "46617116"]
[EventDate "2022.11.12"]

1. d4 g6 2. Nf3 Bg7 3. c4 d6 4. Nc3 Bg4 5. e3 Nc6 6. Be2 e5 7. d5 Nce7 8. e4 h6
9. Be3 Nf6 10. Nd2 Bxe2 11. Qxe2 Nh5 12. g3 f5 13. exf5 Nxf5 14. Nde4 O-O 15.
O-O-O Nd4 16. Qg4 Kh7 17. Kb1 Nf6 18. Nxf6+ Qxf6 19. Ne4 Qf5 20. Qxf5 gxf5 21.
Bxd4 fxe4 22. Be3 h5 23. h4 Bh6 24. Bxh6 Kxh6 25. Rd2 Rf3 26. Re1 Raf8 27. Ree2
e3 28. Rxe3 Rxf2 29. Kc2 R8f3 30. Rxf2 Rxf2+ 31. Kc3 Kg6 32. a4 a5 33. b4 axb4+
34. Kxb4 Kf5 35. c5 e4 36. c6 b6 37. Kb5 Ke5 38. Ka6 Kxd5 39. Kb7 Rf7 40. Re1
Ke5 41. g4 hxg4 42. Rg1 e3 43. Rxg4 e2 44. Rg8 Re7 45. Rg1 d5 46. h5 d4 47. h6
d3 48. Rg7 Re8 49. h7 Rh8 50. Rxc7 d2 51. Re7+ Kd6 52. Rxe2 d1=Q 53. Rh2 Qc1 54.
a5 Qxc6+ 55. Ka7 Ra8# 0-1

[Event "chess.com SpeedChess Q2Sw"]
[Site "chess.com INT"]
[Date "2022.11.12"]
[Round "10"]
[White "Mouhamad, Joachim"]
[Black "Freile Martin, Javier"]
[Result "1-0"]
[WhiteTitle "FM"]
[BlackTitle "FM"]
[WhiteElo "2266"]
[BlackElo "2329"]
[WhiteFideId "656410"]
[BlackFideId "3600165"]
[EventDate "2022.11.12"]

1. e4 c5 2. Nf3 d6 3. d4 cxd4 4. Nxd4 Nf6 5. Nc3 a6 6. f3 e6 7. Nb3 Nbd7 8. Be3
b5 9. a3 h5 10. Qd2 Bb7 11. O-O-O Rc8 12. Kb1 Qc7 13. Rg1 d5 14. exd5 Bxd5 15.
Nxd5 Nxd5 16. Bg5 Ne5 17. Bd3 f6 18. Bh4 Nc4 19. Bg6+ Ke7 20. Qd4 Qf4 21. Qa7+
Rc7 22. Qa8 Qxh4 23. Rge1 Ne5 24. Qe8+ Kd6 25. Qd8+ Rd7 26. Qb8+ Ke7 27. Nc5
Nxg6 28. Nxd7 Kxd7 29. Qb7+ Kd8 30. Rxe6 Ne7 31. Qb8+ Kd7 32. Rd6# 1-0

[Event "chess.com SpeedChess Q2Sw"]
[Site "chess.com INT"]
[Date "2022.11.12"]
[Round "10"]
[White "Stoyanov, Tsvetan"]
[Black "Postnikov, Daniil"]
[Result "1/2-1/2"]
[WhiteTitle "IM"]
[BlackTitle "FM"]
[WhiteElo "2456"]
[BlackElo "2360"]
[WhiteFideId "2917173"]
[BlackFideId "4166329"]
[EventDate "2022.11.12"]

1. c4 Nf6 2. Nc3 g6 3. g3 Bg7 4. Bg2 O-O 5. d4 d6 6. Nf3 c6 7. O-O Bf5 8. Be3
Ne4 9. Qb3 Qb6 10. Nh4 Nxc3 11. bxc3 Be6 12. d5 Qxb3 13. axb3 cxd5 14. cxd5 Bd7
15. Rxa7 Rxa7 16. Bxa7 Bxc3 17. Rc1 Ba5 18. Bd4 Na6 19. e3 Rc8 20. Rxc8+ Bxc8
21. Bf1 Nc7 22. e4 e6 23. Bh3 Kf8 24. Nf3 Ke7 25. Ng5 h6 26. Nh7 e5 27. Bxc8
exd4 28. Kf1 b6 29. Ke2 Nb5 30. Kd3 Bc3 31. h4 f6 32. g4 g5 33. hxg5 hxg5 34. f4
gxf4 35. g5 fxg5 36. Nxg5 Be1 37. Nf3 Bf2 38. Ba6 Nc7 39. Bc8 Nb5 40. Ba6 Nc7
41. Bc8 Nb5 1/2-1/2